01687nam a2200421 i 450000100060000000300080000600500170001400600190003100700150005000800410006502000270010603500230013303500240015603500250018003500210020504000310022605000230025708000110028008200160029110000320030724501640033926400640050330000410056733600310060833700330063933800430067249000230071550000220073858801230076059001640088365000340104765000350108165500270111679700190114383000240116285600620118699900170124866253FlNmELB20241217142713.0m o d | cr cnu||||||||150516s2014 sp o 001 0 spa d a9788415759508 (e-book) a(MiAaPQ)EBC3227252 a(Au-PeEL)EBL3227252 a(CaPaEBR)ebr11013188 a(OCoLC)992001323 aFINmELBbspaerdacFINmELB 4aPA2353b.S456 2014 a81'3740 a473.0282231 aSegura Munguía, Santiago.10aLexicón (incompleto) etimológico y semántico del latín y de las voces actuales que proceden de raíces latinas o griegas /cSantiago Segura Munguía. 1aBilbao :bPublicaciones de la Universidad de Deusto,c2014. a1 recurso en línea (713 páginas) atextobtxt2rdacontent/spa acomputadorabc2rdamedia/spa arecurso en líneabcr2rdacarrier/spa1 aSerie Letras ;v58 aIncluye índice. aDescripción basada en recurso en línea; Título de la página del título en PDF (e-libro, visto May 16, 2015). aRecurso electrónico. Santa Fe, Arg.: e-libro, 2015. Disponible vía World Wide Web. El acceso puede estar limitado para las bibliotecas afiliadas a e-libro. 0aLatin languagexLexicography. 4aLengua latinaxLexicografía. 4aLibros electrónicos.2 ae-libro, Corp. 0aSerie Letras ;v58.40uhttps://elibro.net/ereader/politecnicointernacional/42746 c66253d66253